Sinh học phân tử của các virut gây ung thư cho người
Trình bày cơ sở phân tử của một số virut EBV, HBV, HCV, HDV, HPV, HIV... và cơ sở phân tử của một số ung thư có liên quan như ung thư vòm họng, ung thư gan, ung thư tử cung, ung thư Kaposi...
Zapisane w:
| 1. autor: | |
|---|---|
| Format: | Książka |
| Język: | Undetermined |
| Wydane: |
Hà Nội
Khoa học và Kỹ thuật
2010
|
| Hasła przedmiotowe: | |
| Etykiety: |
Dodaj etykietę
Nie ma etykietki, Dołącz pierwszą etykiete!
|
| Thư viện lưu trữ: | Trung tâm Học liệu Trường Đại học Cần Thơ |
|---|
| LEADER | 00879nam a2200205Ia 4500 | ||
|---|---|---|---|
| 001 | CTU_148953 | ||
| 008 | 210402s9999 xx 000 0 und d | ||
| 020 | |c 49000 | ||
| 082 | |a 616.99 | ||
| 082 | |b B105 | ||
| 100 | |a Đái, Duy Ban | ||
| 245 | 0 | |a Sinh học phân tử của các virut gây ung thư cho người | |
| 245 | 0 | |c Đái Duy Ban, Nguyễn Đình Phúc | |
| 260 | |a Hà Nội | ||
| 260 | |b Khoa học và Kỹ thuật | ||
| 260 | |c 2010 | ||
| 520 | |a Trình bày cơ sở phân tử của một số virut EBV, HBV, HCV, HDV, HPV, HIV... và cơ sở phân tử của một số ung thư có liên quan như ung thư vòm họng, ung thư gan, ung thư tử cung, ung thư Kaposi... | ||
| 650 | |a Cancers,Bệnh ung thư | ||
| 910 | |a Nguyên | ||
| 980 | |a Trung tâm Học liệu Trường Đại học Cần Thơ | ||